| 000 | 00778nam a2200277Ia 4500 | ||
|---|---|---|---|
| 001 | Para_1606 | ||
| 003 | CHAP | ||
| 008 | 220125s1987 xx 000 0 und d | ||
| 010 | _a204537 | ||
| 040 | _cCHAP | ||
| 082 | _aPA 632.7 D3 | ||
| 100 |
_aDavidson, Ralph Howard _931189 |
||
| 245 |
_aInsect pest of farm, garden and orchard / _c by Ralph H. Davidson and William F. Lyon |
||
| 260 |
_aNew York : _b John Wiley and Sons |
||
| 300 | _a640 p. | ||
| 650 |
_aAgricultura _x plagas _91764 |
||
| 650 |
_aEntomología economica _937145 |
||
| 700 |
_aLyon, William F. _9165593 |
||
| 901 | _aPA 632.7 D3 | ||
| 902 | _aA | ||
| 905 | _a0000001987 a 0000000000 00 | ||
| 910 | _a1987 | ||
| 942 | _cPARA | ||
| 942 |
_cPARA _d1 |
||
| 999 |
_c204537 _d204537 |
||